Carlos A. Carrillo (Record no. 63704)
[ view plain ]
| 000 -CABECERA | |
|---|---|
| campo de control de longitud fija | 00547nam a2200205 a 4500 |
| 005 - FECHA Y HORA DE LA ÚLTIMA TRANSACCIÓN | |
| campo de control | 20210219152917.0 |
| 008 - ELEMENTOS DE LONGITUD FIJA--INFORMACIÓN GENERAL | |
| campo de control de longitud fija | 991125n 000 0 spa u |
| 035 ## - NÚMERO DE CONTROL DEL SISTEMA | |
| Número de control de sistema | UPN01000066862 |
| 100 1# - ASIENTO PRINCIPAL--NOMBRE PERSONAL | |
| Nombre de persona | Alvarez Barret, Luis |
| 222 ## - TÍTULO CLAVE | |
| Título clave | COMUNICACION EDUCATIVA |
| 245 ## - MENCIÓN DE TÍTULO | |
| Título | Carlos A. Carrillo |
| 300 ## - DESCRIPCIÓN FÍSICA | |
| Extensión | 9 |
| 362 0# - FECHAS DE PUBLICACIÓN Y/O DESIGNACIÓN SECUENCIAL | |
| Fecha de publicación y/o designación secuencial | 1980 Año 1, no. 2, dic. |
| 653 0# - TERMINO DE INDIZACION - NO CONTROLADO | |
| Término no controlado | CARRILLO, CARLOS A., 1855-1903 |
| 653 0# - TERMINO DE INDIZACION - NO CONTROLADO | |
| Término no controlado | EDUCACION PUBLICA |
| 653 0# - TERMINO DE INDIZACION - NO CONTROLADO | |
| Término no controlado | MAESTROS |
| 700 01 - ASIENTO SECUNDARIO--NOMBRE DE PERSONAL | |
| Nombre de persona | Tapia Rodriguez, Santiago, |
| Término indicativo de función/relación | coaut. |
| 904 ## - ELEMENTOS DE DATOS D LOCAL, LDD (RLIN) | |
| a | AC |
| b | 004673 |
| 905 ## - TIPO DE MATERIAL | |
| Tipo de material | Articulo |
No items available.
